Life on earth (Record no. 17645)

MARC details
000 -LEADER
fixed length control field 00510nam a2200181Ia 4500
003 - CONTROL NUMBER IDENTIFIER
control field IN-BaIIA
008 - FIXED-LENGTH DATA ELEMENTS--GENERAL INFORMATION
fixed length control field 211028s9999 xx 000 0 eng d
020 ## - INTERNATIONAL STANDARD BOOK NUMBER
International Standard Book Number 978-81-7480-167-8
040 ## - CATALOGING SOURCE
Transcribing agency IIA Library
080 ## - UNIVERSAL DECIMAL CLASSIFICATION NUMBER
Universal Decimal Classification number 573.5
Item number DAT
100 ## - MAIN ENTRY--PERSONAL NAME
Personal name Datta, Sukanya
9 (RLIN) 33404
245 #0 - TITLE STATEMENT
Title Life on earth
Statement of responsibility, etc. Sukanya Datta
260 ## - PUBLICATION, DISTRIBUTION, ETC.
Place of publication, distribution, etc. Noida
Name of publisher, distributor, etc. Vigyan Prasar
Date of publication, distribution, etc. 2008
300 ## - PHYSICAL DESCRIPTION
Extent xi, 90p.
650 ## - SUBJECT ADDED ENTRY--TOPICAL TERM
Topical term or geographic name entry element Evolution
9 (RLIN) 14171
650 ## - SUBJECT ADDED ENTRY--TOPICAL TERM
Topical term or geographic name entry element Zoology miscellanea
9 (RLIN) 33405
942 ## - ADDED ENTRY ELEMENTS (KOHA)
Koha item type Books
Holdings
Withdrawn status Lost status Damaged status Not for loan Home library Current library Shelving location Date acquired Cost, normal purchase price Total Checkouts Full call number Barcode Date last seen Cost, replacement price Price effective from Koha item type Purchase Price
        IIA Library-Bangalore IIA Library-Bangalore General Stacks 25/02/2010 1043.75   573.5/ DAT 18567 05/11/2021 1043.75 25/02/2010 Books Rs. 1043.75

Powered by Koha